| 000 | 00460nam a2200169 a 4500 | ||
|---|---|---|---|
| 001 | 0000-8829 | ||
| 003 | ELIB.Books | ||
| 008 | 110520 1948 | ||
| 035 | _a(ELIB.Books)0000-8975 | ||
| 082 |
_a268 _bWel |
||
| 100 | _aWelker, Edith Frances | ||
| 245 | _aThoughts of God for Boys and Girls | ||
| 260 |
_bNew York: Harper and Brothers Publishers _c1948 |
||
| 650 | _aChristian Education | ||
| 942 |
_2ddc _cBK |
||
| 998 |
_cbat _e2011-05-20 |
||
| 999 |
_c8829 _d8829 |
||